000 00507cam a2200193ua 4500
001 1837
008 110811n ii |||gr||||Z||||||eng
020 _a81-7457-143-4
040 _cMAIN
082 _a370.54
100 _aMathur, S. S.,
_eAuthor.
245 1 _aSociological approach to indian education
_cby S. S. Mathur
250 _a1st.
260 _aAgra:
_bVinod pustak mandir.
300 _a519p:
_c23cm.
653 _aEducation
653 _aSociological approach to indian education
942 _cBK
999 _c1720
_d1720